000
00235 a2200097 4500
001
14983
100
_a
Rehatsek E Tram
245
_a
The Gulistan or rose Gardon of Sa'di
260
_a
New York
_b
Putnam's sons
_c
090
_c
11738
_d
11738
942
_a
NUST-CAE
_c
M
_c
1934
999
_c
250056
_d
250056